00960ntm a22002297a 450000500170000000800410001704000280005808200170008610000240010324501610012726000100028830000350029850001520033359000140048565000460049965300230054565500090056870000270057794200080060499900170061295201010062920170809152124.0170802s2010 xx a frb 000 0 eng d aEG-ScBUEbengcEG-ScBUE04a650bSAA2221 aSaad, Alaa Mohamed.12aA study of the relationship between emotionally intelligent leaders and organisational performance in the banking sector :bNSGB Egypt /cAlaa Mohamed Saad. c2010. a75 p. :bill. (col.) ;c28 cm. aA dissertation submitted in part fulfillment of the requirements for the award of B.A. in business administration, business studies specialization. amai allam 72BUEshaBusiness administration.vProjects bBUSADMcAugust2017 vSPRO1 aFakhrEldin, Hadiaeths 2ddc c25297d25269 00102ddc4070aMAINbMAINc2NDd2017-08-08l0o650 SAAp000046526r2025-07-15 00:00:00yPROJST